Superconductivity, a guide to the corporate players /

Bibliographic Details
Corporate Author: Technical Insights, Inc
Format: Book
Language:English
Published: Fort Lee, N.J. : Technical Insights, Inc., [1987]
Subjects:

MARC

Tag First Indicator Second Indicator Subfields
LEADER 00000cam a22000007a 4500
001 in00000012850
005 20151007051921.0
008 871207s1987 nju 00010 eng d
020 |a 0914993429 
035 |a (OCoLC)17197803 
035 |9 AAA5427AM 
040 |a PKL  |c PKL  |d OCL  |d TXA  |d UtOrBLW 
049 |a TXAM  |c [A10939834] 
050 4 |a TK7872.S8  |b S9 1987 
245 0 0 |a Superconductivity, a guide to the corporate players /  |c by Technical Insights, Inc. 
264 1 |a Fort Lee, N.J. :  |b Technical Insights, Inc.,  |c [1987] 
264 4 |c ©1987 
300 |a 84 pages ;  |c 23 cm. 
336 |a text  |b txt  |2 rdacontent 
337 |a unmediated  |b n  |2 rdamedia 
338 |a volume  |b nc  |2 rdacarrier 
500 |a R-102. 
650 0 |a Superconductors. 
710 2 |a Technical Insights, Inc. 
999 |a MARS 
999 f f |s c2ec933f-eab7-3f36-8957-104e249c6469  |i aa213133-cf3f-327c-ac82-f2a230970234  |t 0 
952 f f |p ric  |a Texas A&M University  |b Rellis Campus  |c Joint Library Facility  |d Remote Storage  |t 0  |e TK7872.S8 S9 1987  |h Library of Congress classification  |i unmediated -- volume  |m A14810939834 
998 f f |a TK7872.S8 S9 1987  |t 0  |l Remote Storage